Geographies of global change : remapping the world

Αποθηκεύτηκε σε:
Λεπτομέρειες βιβλιογραφικής εγγραφής
Άλλοι συγγραφείς: Johnston, R. J. (Ronald John) (Επιμελητής έκδοσης), Taylor, Peter J. (Peter James), 1944- (Επιμελητής έκδοσης), Watts, Michael, 1951- (Επιμελητής έκδοσης)
Μορφή: Βιβλίο
Γλώσσα:English
Δημοσίευση: Malden, MA : Blackwell Publishers, 2002.
Έκδοση:2nd ed.
Θέματα:
Ετικέτες: Προσθήκη ετικέτας
Δεν υπάρχουν, Καταχωρήστε ετικέτα πρώτοι!

MARC

LEADER 00000cam a2200000 i 4500
001 1/106148
008 931201s2002 mau| ||| |||| ||eng||
020 |a 0631222863  
035 |l 10069198 
040 |a GR-MyUa  |b gre  |e AACR2 
041 0 |a eng 
082 7 |a 910   |2 (22) 
245 0 0 |a Geographies of global change :   |b remapping the world /   |c edited by R.J. Johnston, Peter J. Taylor and Michael J. Watts. 
250 |a 2nd ed. 
260 |a Malden, MA :   |b Blackwell Publishers,   |c 2002. 
300 |a xix, 518 σ. :   |b εικ. ;   |c 26 εκ. 
504 |a Περιέχει βιβλιογραφικές παραπομπές και ευρετήριο. 
650 0 |a Change. 
650 0 |a Geography. 
700 1 |a Johnston, R. J.   |q (Ronald John)  |e edt 
700 1 |a Taylor, Peter J.   |q (Peter James),   |d 1944-  |e edt 
700 1 |a Watts, Michael,   |d 1951-  |e edt 
852 |a INST  |b LESVOS  |e 20030129  |h 910 GEO  |p 005100028312  |q 005100028312  |t BK  |y 0 
852 |a INST  |b LESVOS  |e 20040518  |h 910 GEO  |p 005100030553  |q 005100030553  |t BK  |y 0 
901 |a BIBL1-2003-2 
901 |a BIBL1-2004-2 
920 |a ΠΡΟΓΡΑΜΜΑ ΜΕΤΑΠΤΥΧΙΑΚΩΝ ΣΠΟΥΔΩΝ "ΓΕΩΓΡΑΦΙΑ ΚΑΙ ΕΦΑΡΜΟΣΜΕΝΗ ΠΛΗΡΟΦΟΡΙΚΗ"  |y Λέσβος  |z 2004-04 
922 |a 1ΕΛΗ  |b 200211  |c ΕΠΕΑΕΚ2/ΤΓ  |d ΠΑΠΑΣΩΤΗΡΙΟΥ & ΕΛΕΥΘΕΡΟΥΔΑΚΗΣ 
950 |a 118-2002-10-09 
970 |a ΜΑΡΙΝΑΤΟΥ  |b ΜΥΡΣΙΝΗ  |z 2003/07/22